000 00370 a2200169 4500
001 47113
020 _a9788526267700
040 _cAnchieta - Aquarius
100 _aMarques, Christina
240 1 0 _aO nariz curioso
_lpor
245 1 0 _aO nariz curioso
300 _a32
362 0 _a2013
440 1 _aScipione
650 4 _aLiteratura infanto-juvenil
942 _cBK
999 _c47113
_d47113